Shifting cultivation and soil conservation in Africa : (Record no. 4386)
[ view plain ]
| 000 -LEADER | |
|---|---|
| fixed length control field | 01476nam a2200349 4500 |
| 001 - CONTROL NUMBER | |
| control field | 382049 |
| 003 - CONTROL NUMBER IDENTIFIER | |
| control field | 000 |
| 005 - DATE AND TIME OF LATEST TRANSACTION | |
| control field | 20150505120409.0 |
| 007 - PHYSICAL DESCRIPTION FIXED FIELD--GENERAL INFORMATION | |
| fixed length control field | 000 |
| 008 - FIXED-LENGTH DATA ELEMENTS--GENERAL INFORMATION | |
| fixed length control field | 000 |
| 010 ## - LIBRARY OF CONGRESS CONTROL NUMBER | |
| LC control number | 78326318 |
| 015 ## - NATIONAL BIBLIOGRAPHY NUMBER | |
| National bibliography number | It*** |
| 040 ## - CATALOGING SOURCE | |
| Original cataloging agency | UOEL |
| Transcribing agency | DLC |
| Modifying agency | DLC |
| 043 ## - GEOGRAPHIC AREA CODE | |
| Geographic area code | f------ |
| 050 00 - LIBRARY OF CONGRESS CALL NUMBER | |
| Classification number | S623 |
| Item number | .F12 1974 |
| 082 00 - DEWEY DECIMAL CLASSIFICATION NUMBER | |
| Classification number | 338.1/6 |
| 111 2# - MAIN ENTRY--MEETING NAME | |
| Meeting name or jurisdiction name as entry element | FAO/SIDA/ARCN Regional Seminar on Shifting Cultivation and Soil Conservation in Africa, |
| Location of meeting | Ibadan, Nigeria, |
| Date of meeting | 1973. |
| 245 10 - TITLE STATEMENT | |
| Title | Shifting cultivation and soil conservation in Africa : |
| Remainder of title | papers presented at the FAO/SIDA/ARCN Regional Seminar on Shifting Cultivation and Soil Conservation in Africa, Ibadan, Nigeria, 2-21 July, 1973. |
| 260 ## - PUBLICATION, DISTRIBUTION, ETC. (IMPRINT) | |
| Place of publication, distribution, etc. | Rome : |
| Name of publisher, distributor, etc. | Food and Agriculture Organization of the United Nations, |
| Date of publication, distribution, etc. | 1974. |
| 300 ## - PHYSICAL DESCRIPTION | |
| Extent | vi, 248 p. : |
| Other physical details | ill. ; |
| Dimensions | 28 cm. |
| 490 1# - SERIES STATEMENT | |
| Series statement | Soils bulletin ; |
| Volume/sequential designation | 24 |
| 500 ## - GENERAL NOTE | |
| General note | On t.p.: "Soil Resources, Development and Conservation Service, Land and Water Development Division." |
| 504 ## - BIBLIOGRAPHY, ETC. NOTE | |
| Bibliography, etc | Includes bibliographies. |
| 650 #0 - SUBJECT ADDED ENTRY--TOPICAL TERM | |
| Topical term or geographic name as entry element | Shifting cultivation |
| Geographic subdivision | Africa |
| General subdivision | Congresses. |
| Topical term or geographic name as entry element | Soil conservation |
| Geographic subdivision | Africa |
| General subdivision | Congresses. |
| 710 2# - ADDED ENTRY--CORPORATE NAME | |
| Corporate name or jurisdiction name as entry element | Food and Agriculture Organization of the United Nations. |
| Subordinate unit | Soil Resources, Development and Conservation Service. |
| Corporate name or jurisdiction name as entry element | Sweden. |
| Subordinate unit | Styrelsen för internationell utveckling. |
| Corporate name or jurisdiction name as entry element | Agricultural Research Council of Nigeria. |
| 830 #0 - SERIES ADDED ENTRY--UNIFORM TITLE | |
| Uniform title | FAO soils bulletin ; |
| Volume number/sequential designation | 24. |
| 906 ## - LOCAL DATA ELEMENT F, LDF (RLIN) | |
| a | 7 |
| b | cbc |
| c | orignew |
| d | 3 |
| e | ncip |
| f | 19 |
| g | y-gencatlg |
| 942 ## - ADDED ENTRY ELEMENTS (KOHA) | |
| Source of classification or shelving scheme | Library of Congress Classification |
| Koha item type | Loan - Normal on open shelf |
| Withdrawn status | Lost status | Source of classification or shelving scheme | Damaged status | Not for loan | Home library | Current library | Shelving location | Date acquired | Total Checkouts | Full call number | Barcode | Date last seen | Copy number | Price effective from | Koha item type |
|---|---|---|---|---|---|---|---|---|---|---|---|---|---|---|---|
| Library of Congress Classification | UOE Main Library | UOE Main Library | Open shelf | 09/04/2015 | S623 .F12 1974 | 20138147 | 27/04/2026 | 20138147 | 09/04/2015 | Loan - Normal on open shelf |
